Sports Quiz

Random Sports or NFL Quiz

Last 1st Round Draft Pick Per Position - Ravens Quiz Stats

 Plays Quiz not verified by Sporcle

Challenge
Share
Tweet
Embed
Score 0/15 Timer 06:00
0 Plays Today
Position Player % Correct
FullbackNone
100%
CenterNone
100%
Defensive EndNone
100%
PunterNone
100%
KickerNone
100%
QuarterbackLamar Jackson
99.1%
Running BackJamal Lewis
93.4%
Tight EndHayden Hurst
83%
Position Player % Correct
Wide ReceiverBreshad Perriman
82.1%
CornerbackMarlon Humphrey
78.3%
Defensive TackleHaloti Ngata
76.4%
Offensive TackleRonnie Stanley
74.5%
LinebackerC.J. Mosley
73.6%
SafetyMatt Elam
67%
GuardBen Grubbs
49.1%

You're not logged in!

Compare scores with friends on all Sporcle quizzes.
Join for Free
OR
Log In

You Might Also Like...

Show Comments

Extras

Top Quizzes Today


Score Distribution

Your Account Isn't Verified!

In order to create a playlist on Sporcle, you need to verify the email address you used during registration. Go to your Sporcle Settings to finish the process.

Report this User

Report this user for behavior that violates our Community Guidelines.

Details: